Cost accounting and financial management: (Record no. 10843)

MARC details
000 -LEADER
fixed length control field 00864 a2200205 4500
010 ## - LIBRARY OF CONGRESS CONTROL NUMBER
LC control number ENG-89561
020 ## - INTERNATIONAL STANDARD BOOK NUMBER
Terms of availability 320.00
035 ## - SYSTEM CONTROL NUMBER
System control number EN-73094
037 ## - SOURCE OF ACQUISITION
Source of stock number/acquisition DBAD / PUB
082 14 - DEWEY DECIMAL CLASSIFICATION NUMBER
Classification number 657.42
090 ## - LOCALLY ASSIGNED LC-TYPE CALL NUMBER (OCLC); LOCAL CALL NUMBER (OCLC)
-- 11148
-- 11148
100 1# - MAIN ENTRY--PERSONAL NAME
Personal name Maheshwari, S. N.
245 1# - TITLE STATEMENT
Title Cost accounting and financial management:
Statement of responsibility, etc by S.N. Maheshwari and S.N. Mittal
Remainder of title [for paper 4, group II of professional Competence Course (P.C.C.) of the Institute of Chartered Accountant of India]
260 ## - PUBLICATION, DISTRIBUTION, ETC. (IMPRINT)
Place of publication, distribution, etc Delhi :
Name of publisher, distributor, etc Shree Mahavir Book Depot (Publishers)
Date of publication, distribution, etc 2008
270 ## - ADDRESS
Address 2603, Nai Sarak,
City Delhi
State or province Delhi :
Postal code 110006
Telephone number 23262993, 23270792
Fax number 011-23270792
Electronic mail address mahavirpublications@hotmail.com
300 ## - PHYSICAL DESCRIPTION
Extent 520p.
Dimensions 24 cm (pbk)
700 ## - ADDED ENTRY--PERSONAL NAME
Personal name Mittal, S.N.
942 ## - ADDED ENTRY ELEMENTS (KOHA)
Institution code [OBSOLETE] dpl
Koha item type English Books
Call number prefix 657.42 / MAH
Holdings
Withdrawn status Lost status Source of classification or shelving scheme Damaged status Not for loan Collection code Home library Current library Source of acquisition Cost, normal purchase price Total Checkouts Full call number Barcode Date last seen Copy number Uniform Resource Identifier Cost, replacement price Price effective from Koha item type
    Dewey Decimal Classification   Not For Loan Non-fiction D.B.Act.Division D.B.Act.Division DBAD/PUB 320.00   657.42 MAH EN-73094 15/09/2008 1 11940 320.00 15/09/2008 English Books

© Delhi Public Library
Hit Counter
free hit counter